Death ....and after? / (Record no. 75217)
[ view plain ]
| 000 -LEADER | |
|---|---|
| fixed length control field | 00737nam a22001817a 4500 |
| 003 - CONTROL NUMBER IDENTIFIER | |
| control field | PILC |
| 005 - DATE AND TIME OF LATEST TRANSACTION | |
| control field | 20240910110038.0 |
| 008 - FIXED-LENGTH DATA ELEMENTS--GENERAL INFORMATION | |
| fixed length control field | 240910b |||||||| |||| 00| 0 eng d |
| 010 ## - LIBRARY OF CONGRESS CONTROL NUMBER | |
| LC control number | Acc#49124 |
| 040 ## - CATALOGING SOURCE | |
| Transcribing agency | Philippine Baptist Theological Seminary |
| 050 ## - LIBRARY OF CONGRESS CALL NUMBER | |
| Classification number | BT 823 |
| Item number | R5 1954 |
| 100 ## - MAIN ENTRY--PERSONAL NAME | |
| Personal name | Roberson, D. D, Lee |
| Relator term | Author |
| 245 ## - TITLE STATEMENT | |
| Title | Death ....and after? / |
| 264 ## - PRODUCTION, PUBLICATION, DISTRIBUTION, MANUFACTURE, AND COPYRIGHT NOTICE | |
| Place of production, publication, distribution, manufacture | United States of America : |
| Name of producer, publisher, distributor, manufacturer | Lee Roberson, D. D., |
| Date of production, publication, distribution, manufacture, or copyright notice | ©1954. |
| 300 ## - PHYSICAL DESCRIPTION | |
| Extent | 93 pages ; |
| Dimensions | 21 cm. |
| 505 ## - FORMATTED CONTENTS NOTE | |
| Formatted contents note | Shall we know each other in heaven? -- the ideal funeral sermon -- What happens when a baby dies? -- Tears gone forever -- Where are the dead, saved and lost? -- What about deathbed repentance? -- the men who laugh at eternal hell-fire |
| 942 ## - ADDED ENTRY ELEMENTS (KOHA) | |
| Source of classification or shelving scheme | Library of Congress Classification |
| Koha item type | Circulation Books |
| Withdrawn status | Lost status | Source of classification or shelving scheme | Damaged status | Not for loan | Home library | Current library | Shelving location | Date acquired | Source of acquisition | Total Checkouts | Full call number | Barcode | Date last seen | Price effective from | Koha item type |
|---|---|---|---|---|---|---|---|---|---|---|---|---|---|---|---|
| Library of Congress Classification | PBTS Library | PBTS Library | Circulation Section | 09/10/2024 | Gift | BT 823 R5 1954 | 49124 | 03/17/2026 | 09/10/2024 | Circulation Books |